<?xml version="1.0" encoding="UTF-8"?><?xml-stylesheet type="text/xsl" href="static/style.xsl"?><OAI-PMH xmlns="http://www.openarchives.org/OAI/2.0/" xmlns:xsi="http://www.w3.org/2001/XMLSchema-instance" xsi:schemaLocation="http://www.openarchives.org/OAI/2.0/ http://www.openarchives.org/OAI/2.0/OAI-PMH.xsd"><responseDate>2026-04-18T02:17:53Z</responseDate><request verb="GetRecord" identifier="oai:www.recercat.cat:2117/395387" metadataPrefix="marc">https://recercat.cat/oai/request</request><GetRecord><record><header><identifier>oai:recercat.cat:2117/395387</identifier><datestamp>2025-07-17T10:12:24Z</datestamp><setSpec>com_2072_1033</setSpec><setSpec>col_2072_452950</setSpec></header><metadata><record xmlns="http://www.loc.gov/MARC21/slim" xmlns:dcterms="http://purl.org/dc/terms/" xmlns:xsi="http://www.w3.org/2001/XMLSchema-instance" xmlns:doc="http://www.lyncode.com/xoai" xsi:schemaLocation="http://www.loc.gov/MARC21/slim http://www.loc.gov/standards/marcxml/schema/MARC21slim.xsd">
   <leader>00925njm 22002777a 4500</leader>
   <datafield ind2=" " ind1=" " tag="042">
      <subfield code="a">dc</subfield>
   </datafield>
   <datafield ind2=" " ind1=" " tag="720">
      <subfield code="a">Montilla, Víctor</subfield>
      <subfield code="e">author</subfield>
   </datafield>
   <datafield ind2=" " ind1=" " tag="720">
      <subfield code="a">Ferrer, Josep</subfield>
      <subfield code="e">author</subfield>
   </datafield>
   <datafield ind2=" " ind1=" " tag="720">
      <subfield code="a">Guadalupi, Marco</subfield>
      <subfield code="e">author</subfield>
   </datafield>
   <datafield ind2=" " ind1=" " tag="720">
      <subfield code="a">Ferrús Ferré, Ramón Antonio</subfield>
      <subfield code="e">author</subfield>
   </datafield>
   <datafield ind2=" " ind1=" " tag="720">
      <subfield code="a">Calveras Augé, Anna M.</subfield>
      <subfield code="e">author</subfield>
   </datafield>
   <datafield ind2=" " ind1=" " tag="720">
      <subfield code="a">Ruiz de Azua, Joan Adria</subfield>
      <subfield code="e">author</subfield>
   </datafield>
   <datafield ind2=" " ind1=" " tag="260">
      <subfield code="c">2023</subfield>
   </datafield>
   <datafield ind2=" " ind1=" " tag="520">
      <subfield code="a">According to forecasts, around 10 billion connected devices in the world will exchange data over the Internet by2028 and the significant connections increase threatens to congest terrestrial networks. These devices will mainly beembedded, controlled by smart software and operated in the cloud, integrating the Internet of Things ecosystem. Addi-tionally, current terrestrial infrastructures do not meet novel IoT requirements: remote access areas, multiple networkdomains crossing and adaptable latency and bandwidth. To provide global and ubiquitous coverage, the 3GPP stan-dardizes in rel-17 the concept of Non-Terrestrial-Networks. The term includes, among others, Non-Terrestrial nodessuch as GEO, MEO and LEO satellites. Lately, LEO satellites have contributed to consolidate the New Space indus-try opening new business opportunities by providing services using low-cost CubeSats. Despite offering importantbenefits compared to GEO (e.g. lower latency and propagation loss), LEO still has challenges to face related to com-munication discontinuity (intermittent satellite-to-ground links). Global region coverage is achieved through satelliteconstellations; however, the main concern is the non-guarantee of simultaneous contact from UE to the Ground StationNetwork via the satellite. While 3GPP rel-17 specs have centered on the specification of satellites using transparentpayload, the use of regenerative payloads has not precluded and has a central role in the technology roadmap. Re-generative payloads envision to embark part of the NF within the satellite, giving multiple enhancements (e.g. lowerlatencies, Store-and-Forward operation, in-satellite local loop communications and edge computing). Onboard func-tions may include radio access functions, such as eNB/gNB, as well as core NF, which enables direct satellite responseto UE. This paper provides a performance analysis of a deployment of core NF in a regenerative payload with a Soft-ware Defined Radio based on FPGA technology for nanosatellites. Measures are obtained and contrasted against aRPi4 board by running a tailored Evolved Packet Core (EPC) with NB-IoT NTN support.</subfield>
   </datafield>
   <datafield ind2=" " ind1=" " tag="520">
      <subfield code="a">Peer Reviewed</subfield>
   </datafield>
   <datafield ind2=" " ind1=" " tag="520">
      <subfield code="a">Postprint (published version)</subfield>
   </datafield>
   <datafield tag="653" ind2=" " ind1=" ">
      <subfield code="a">Àrees temàtiques de la UPC::Enginyeria de la telecomunicació::Radiocomunicació i exploració electromagnètica::Satèl·lits i ràdioenllaços</subfield>
   </datafield>
   <datafield tag="653" ind2=" " ind1=" ">
      <subfield code="a">Internet of things</subfield>
   </datafield>
   <datafield tag="653" ind2=" " ind1=" ">
      <subfield code="a">Telecommunication -- Traffic -- Management</subfield>
   </datafield>
   <datafield tag="653" ind2=" " ind1=" ">
      <subfield code="a">Artificial satellites in telecommunication</subfield>
   </datafield>
   <datafield tag="653" ind2=" " ind1=" ">
      <subfield code="a">Non-terrestrial network</subfield>
   </datafield>
   <datafield tag="653" ind2=" " ind1=" ">
      <subfield code="a">Software defined radio</subfield>
   </datafield>
   <datafield tag="653" ind2=" " ind1=" ">
      <subfield code="a">Evolved packet core</subfield>
   </datafield>
   <datafield tag="653" ind2=" " ind1=" ">
      <subfield code="a">NB-IoT</subfield>
   </datafield>
   <datafield tag="653" ind2=" " ind1=" ">
      <subfield code="a">Network functions virtualization</subfield>
   </datafield>
   <datafield tag="653" ind2=" " ind1=" ">
      <subfield code="a">Internet de les coses</subfield>
   </datafield>
   <datafield tag="653" ind2=" " ind1=" ">
      <subfield code="a">Telecomunicació -- Tràfic -- Gestió</subfield>
   </datafield>
   <datafield tag="653" ind2=" " ind1=" ">
      <subfield code="a">Satèl·lits artificials en telecomunicació</subfield>
   </datafield>
   <datafield ind2="0" ind1="0" tag="245">
      <subfield code="a">Deployment of NB-IoT NTN core network functions on Software Defined Radio (SDR) nanosatellites: approach and performance assessment</subfield>
   </datafield>
</record></metadata></record></GetRecord></OAI-PMH>